LEADER 01476cam a2200349 a 4500 001 000000131919 003 CaOOAMICUS 005 20220516175329.0 008 121206s1991 it u000 u ita r 020 $a88-06-12763-2 032 $aLibriCat 040 $aPUL$bita 041 1 $aita$hfre 130 0 $aÀ l'Est la mémoire retrouvée.$lItaliano.$0(OLS)http://pul/title/166676 245 10$aA Est, la memoria ritrovata /$cAlain Brossat ... [et al.] ; prefazione di Jacques Le Goff ; traduzione di Elda Monateri e Isabella Negri. 260 $aTorino :$bEinaudi,$c©1991. 300 $aXLV, 224 p. ;$c20 cm 490 1 $aEinaudi contemporanea ;$v03 650 4$aOlocausto.$0(OLS)http://pul/subject/25039 700 1 $aLe Goff, Jacques,$d1924-2014.$0(OLS)http://pul/name/469 700 1 $aNegri, Isabella.$0(OLS)http://pul/name/84950 700 1 $aMonateri, Elda.$0(OLS)http://pul/name/84951 700 1 $aBrossat, Alain.$0(OLS)http://pul/name/84952 830 0$aEinaudi contemporanea ;$v03.$0(OLS)http://pul/title/635 850 $aPUL 852 $aPUL$W1$xDP1 Fondo E. Rossi$y115$m1 E 34$j151984$qFondi$B151179$CPULBib$Z2$F151179 $82 941 1 $a1 961 $aSul dorso collocazione ms. di E. Rossi: E 22 [?] 996 $6020$a88-06-12763-2$9(OLS)http://pul/number/151279 996 $6245$aA Est, la memoria ritrovata$9(OLS)http://pul/title/166677 996 $6260$aTorino :$bEinaudi$9(OLS)http://pul/publisher/48130 LEADER 00921nam a2200229 a 4500 001 000000169304 003 CaOOAMICUS 005 20180920130134.0 008 180920s1985 it a 000 u ita r 032 $aLibriCat 040 $aPul$bita 100 1 $aManzoni, Alessandro,$d1785-1873.$0(OLS)http://pul/name/4307 245 10$aAlessandro Manzoni nelle sue lettere /$cscelta e commento a cura di Guido Bezzola. 260 $aMilano :$bFederico Motta,$c©1985. 300 $a211 p. : $bill. ; $c31 cm. 700 1 $aBézzola, Guido,$d1919-$0(OLS)http://pul/name/59549 850 $aPUL 852 $aPUL$W1$xDP1 Fondo Dalla Palma$y117$m9 G 67$j192416$qFondi$B197285$CPULBib$Z2$F197285 $HDal3272 $81 941 1 $a1 996 $6245$aAlessandro Manzoni nelle sue lettere$9(OLS)http://pul/title/209885 996 $6260$aMilano :$bFederico Motta$9(OLS)http://pul/publisher/78214